000
00233nam a22000857a 4500
008
160704b xxu||||| |||| 00| 0 eng d
100
_9
1962
_a
Jain, R
245
_a
Informatics Practices - XII
260
_a
New Delhi
_b
Arya Publications
_c
2003
999
_c
1663
_d
1663